| 000 | 00566nam a2200193 a 4500 | ||
|---|---|---|---|
| 001 | 15265 | ||
| 003 | CO-ViMGA | ||
| 008 | 141112s2004 ck r 000 u spa d | ||
| 020 | _a958690072X | ||
| 040 |
_aCO-ViMGA _bspa _cCO-ViMGA |
||
| 082 | 0 | 4 | _a363.6 C656e |
| 100 | 1 |
_aGuillen Jaramillo, Gustavo _922165 |
|
| 245 | 1 | 0 | _aEstatuto de servicios públicos domiciliarios |
| 260 |
_aBogotá, _cLeyer, _c2002 |
||
| 300 | _a546.p. | ||
| 490 | _aColección códigos Brevis | ||
| 650 | 1 | 4 |
_aSERVICIOS PUBLICOS DOMICILIARIOS - LEGISLACION - COLOMBIA _922166 |
| 942 |
_2ddc _cBK |
||
| 999 |
_c25628 _d25628 |
||